Exodus through Tian Shan (Record no. 76233)

MARC details
000 -LEADER
fixed length control field 00700nam a2200253 i 4500
001 - CONTROL NUMBER
control field C2-0267221
003 - CONTROL NUMBER IDENTIFIER
control field PPAK
005 - DATE AND TIME OF LATEST TRANSACTION
control field 20180727234506.0
008 - FIXED-LENGTH DATA ELEMENTS--GENERAL INFORMATION
fixed length control field 050912s2004 my a|||| ||||| | chi d
020 ## - INTERNATIONAL STANDARD BOOK NUMBER
International Standard Book Number 9830371239
040 ## - CATALOGING SOURCE
Original cataloging agency PPAK
Language of cataloging eng
Transcribing agency PPAK
Description conventions rda
082 04 - DEWEY DECIMAL CLASSIFICATION NUMBER
Classification number 305.6971051
Edition number 23
090 00 - LOCALLY ASSIGNED LC-TYPE CALL NUMBER (OCLC); LOCAL CALL NUMBER (RLIN)
Classification number (OCLC) (R) ; Classification number, CALL (RLIN) (NR) 305.6971051
Feature heading YUS
Feature heading R
100 0# - MAIN ENTRY--PERSONAL NAME
Personal name Yusuf Liu Baojun,
Relator term author
245 10 - TITLE STATEMENT
Title Exodus through Tian Shan
264 #1 - PRODUCTION, PUBLICATION, DISTRIBUTION, MANUFACTURE, AND COPYRIGHT NOTICE
Place of production, publication, distribution, manufacture Shah Alam, Selangor :
Name of producer, publisher, distributor, manufacturer Anzagain ,
Date of production, publication, distribution, manufacture, or copyright notice 2004
300 ## - PHYSICAL DESCRIPTION
Extent vi, 152 pages :
Other physical details illustrations ;
Dimensions 26 cm
336 ## - CONTENT TYPE
Source rdacontent
Content type term text
337 ## - MEDIA TYPE
Source rdamedia
Media type term unmediated
338 ## - CARRIER TYPE
Source rdacarrier
Carrier type term volume
500 ## - GENERAL NOTE
General note Text in Chinese
650 10 - SUBJECT ADDED ENTRY--TOPICAL TERM
Topical term or geographic name entry element Muslims - China
942 ## - ADDED ENTRY ELEMENTS (KOHA)
-- dc
Koha item type Book
Holdings
Withdrawn Not for loan Current library Shelving location Date acquired Full call number Barcode Date last seen Koha item type
  Not For Loan Perpustakaan Alor Setar Rujukan Dewasa 22/02/2006 R 305.6971051 YUS A01112475 09/05/2018 Book
  Not For Loan Perpustakaan Awam Sungai Petani Rujukan Dewasa 22/02/2006 R 305.6971051 YUS A01112476 09/05/2018 Book
  Not For Loan Perpustakaan Baling Rujukan Dewasa 22/02/2006 R 305.6971051 YUS A01112483 09/05/2018 Book
  Not For Loan Perpustakaan Baling Rujukan Dewasa 03/10/2006 R 305.6971051 YUS A01130178 09/05/2018 Book
  Not For Loan Perpustakaan Bandar Baharu Rujukan Dewasa 22/02/2006 R 305.6971051 YUS A01112481 09/05/2018 Book
  Not For Loan Perpustakaan Bandar Baharu Rujukan Dewasa 03/10/2006 R 305.6971051 YUS A01130175 09/05/2018 Book
  Not For Loan Perpustakaan Jitra Rujukan Dewasa 22/02/2006 R 305.6971051 YUS A01112477 09/05/2018 Book
  Not For Loan Perpustakaan Kulim Rujukan Dewasa 22/02/2006 R 305.6971051 YUS A01112479 09/05/2018 Book
  Not For Loan Perpustakaan Kulim Rujukan Dewasa 03/10/2006 R 305.6971051 YUS A01130179 09/05/2018 Book
  Not For Loan Perpustakaan Merbok Rujukan Dewasa 03/10/2006 R 305.6971051 YUS A01130182 09/05/2018 Book
  Not For Loan Perpustakaan Merbok Rujukan Dewasa 22/02/2006 R 305.6971051 YUS A01112474 09/05/2018 Book
  Not For Loan Perpustakaan Sik Rujukan Dewasa 03/10/2006 R 305.6971051 YUS A01130174 09/05/2018 Book
  Not For Loan Perpustakaan Yan Rujukan Dewasa 22/02/2006 R 305.6971051 YUS A01112480 09/05/2018 Book